Mineral-bearing land and waste management sites (Record no. 112493)

MARC details
000 -LEADER
fixed length control field 01498cad a22002775a 4500
001 - CONTROL NUMBER
control field L153397
008 - FIXED-LENGTH DATA ELEMENTS--GENERAL INFORMATION
fixed length control field 110720s2011 xxk f 000 0 eng d
020 ## - INTERNATIONAL STANDARD BOOK NUMBER
International Standard Book Number 9781842196991
035 ## - SYSTEM CONTROL NUMBER
System control number (Sirsi) u153397
041 0# - LANGUAGE CODE
Language code of text/sound track or separate title eng
050 04 - LIBRARY OF CONGRESS CALL NUMBER
Classification number 333.339
110 2# - MAIN ENTRY--CORPORATE NAME
Corporate name or jurisdiction name as entry element Royal Institution of Chartered Surveyors
9 (RLIN) 4900
245 00 - TITLE STATEMENT
Title Mineral-bearing land and waste management sites
Medium [electronic resource]
260 ## - PUBLICATION, DISTRIBUTION, ETC.
Place of publication, distribution, etc. Coventry
Name of publisher, distributor, etc. RICS
Date of publication, distribution, etc. 2011
490 #0 - SERIES STATEMENT
Series statement RICS Practice Standards, Global
490 #0 - SERIES STATEMENT
Series statement RICS Guidance Note
Volume/sequential designation (GN 84/2011)
520 ## - SUMMARY, ETC.
Summary, etc. This guidance note relates to the valuation of natural resources and waste management properties, more commonly known in the UK as "wasting assets". The Resources and Environment Professional Group commissioned a working party to review, update and publish separately the guidance note that was originally included as GN 4 of the RICS Valuation Standards (the "Red Book"), 6th edition. This working group comprises members who are appropriately qualified and who specialise in this area of valuation.
520 ## - SUMMARY, ETC.
Summary, etc. Superseded by 2nd edition (ISBN 9781783211487) June 2016.
520 ## - SUMMARY, ETC.
Summary, etc. ARCHIVED 22 June 2016
590 ## - LOCAL NOTE (RLIN)
Local note KA NTK
650 24 - SUBJECT ADDED ENTRY--TOPICAL TERM
Topical term or geographic name entry element RICS VALUATION STANDARDS
651 #4 - SUBJECT ADDED ENTRY--GEOGRAPHIC NAME
Geographic name International
690 ## - LOCAL SUBJECT ADDED ENTRY--TOPICAL TERM (OCLC, RLIN)
Topical term or geographic name as entry element ENVIRONMENTAL AND LAND CONSULTANCY-WASTE MANAGEMENT
856 40 - ELECTRONIC LOCATION AND ACCESS
Uniform Resource Identifier <a href="https://www.rics.org//Global/Mineral-bearing_land_and_waste_management_sites_1st_edition_PGguidance_2011.pdf">https://www.rics.org//Global/Mineral-bearing_land_and_waste_management_sites_1st_edition_PGguidance_2011.pdf</a>
Public note View online free of charge (members only).
942 ## - ADDED ENTRY ELEMENTS (KOHA)
Suppress in OPAC 0
Holdings
Withdrawn status Lost status Damaged status Not for loan Home library Current library Shelving location Date acquired Total Checkouts Full call number Date last seen Copy number Uniform Resource Identifier Price effective from Koha item type Public note Barcode
        Archives Archives RICS Boxes 27/05/2026   RICS 2011/40 27/05/2026     27/05/2026 Book    
  Missing from bundle     London London RICS Boxes 17/08/2011   RICS 2011/40 06/08/2019 1   06/08/2019 Archive   30075752
  Missing from bundle     London London Books 17/08/2011   RICS 2011/40 06/08/2019 2   06/08/2019 Book   30075750
  Missing from bundle     London London Books 17/08/2011   RICS 2011/40 06/08/2019 4   06/08/2019 Book   30075753
        Virtual Virtual Online 20/07/2011   isurv 27/05/2026 1 https://www.isurv.com/downloads/file/6825/archived_mineral-bearing_land_and_waste_management_sites_1st_edition_july_2011-june_2016 06/08/2019 Online material Archived on isurv (subscription required)